000 00390nam a2200145Ia 4500
008 230917s9999||||xx |||||||||||||| ||und||
040 _e208466
_aMAIN
041 _aEnglish
082 _a340 S64D
100 _aSingh, Lal Ratnakar
245 0 _aDoctrine of privity of contract under the Indian law
260 _aAllahabad
_bUniversity of Allahabad
_c1992
300 _a307 p.
942 _cTH
999 _c79820
_d79820